000 00449ntaaa2200181 4500
003 01
005 20251027202058.0
008 0714s1973 ag 01
040 _aAR-BaBN
_bspa
_cAR-BaBN
_eaacr
_dRIC
082 _a252.0000 M96
245 _aThe magnetic master
250 _a1 ed.
260 _aGrand Rapids :
_bZondervan Publishing House,
_cc1937
300 _a159 p
650 _asermones
_9362
700 _aMurray, Alfred L.
_97054
942 _cBK
999 _c15650
_d15650